|
|
|
|
| LEADER |
00000cam a2200000 a 4500 |
| 001 |
vtls008365128 |
| 003 |
SK-MaSNL |
| 005 |
20260425225455.0 |
| 008 |
181118s1941 xo f 000 0 slo |
| 015 |
|
|
|a SNBA19391941-000117
|
| 035 |
|
|
|a SK01SNKBKSD120010057345
|
| 035 |
|
|
|a SKM000059808
|
| 040 |
|
|
|a SNK
|b slo
|c SNK
|e AACR2
|
| 041 |
0 |
|
|a slo
|
| 044 |
|
|
|a xo
|c SK
|
| 080 |
|
|
|a 31
|2 1981
|
| 080 |
|
|
|a 943.76
|2 1981
|
| 100 |
1 |
|
|a Bokes, František,
|d 1906-1968
|4 aut
|9 103204
|
| 245 |
1 |
0 |
|a Obyvateľstvo Slovenska na konci 18. storočia
|c František Bokes
|
| 260 |
|
|
|a Bratislava
|b Muzeálna slovenská spoločnosť
|c 1941
|e Turčiansky Sv. Martin
|f Kníhtlačiarsky účastinársky spolok
|
| 300 |
|
|
|a 1-17, [i] s.
|c 8°
|
| 510 |
0 |
|
|a Odtlačok zo Sborníka Muz. slov. spol. r. XXXIV-XXXV. 1940-41
|
| 648 |
|
7 |
|a 18. stor.
|2 SNKPH
|9 283423
|
| 650 |
0 |
7 |
|a demografia
|2 SNKPH
|9 3827
|
| 651 |
|
7 |
|a Slovensko
|2 SNKPH
|9 14231
|
| 655 |
|
7 |
|a štúdie
|2 SNKPH
|9 57033
|
| 655 |
|
7 |
|a separáty
|2 SNKPH
|9 70334
|
| 958 |
|
|
|a OND
|
| 958 |
|
|
|a RK
|
| 958 |
|
|
|a TL
|
| 999 |
|
|
|c 649813
|d 651743
|
| 952 |
|
|
|a SNK
|b SNK
|y PREZ
|7 0
|p 17A0542713
|o snkSC 39710
|i snkK 213/77
|8 3
|3 rekatalogizácia
|0 0
|1 0
|4 0
|d 2007-03-16
|l 0
|r 2025-10-15 00:00:00
|w 2026-02-23
|
| 952 |
|
|
|a SNK
|b SNK
|y VYP
|7 0
|p 17A0034743
|o snkSC 39710 D1
|0 0
|1 0
|4 0
|d 1997-02-03
|l 0
|r 2005-01-02 00:00:00
|w 2026-02-23
|